Statistics for 中国人均高速公路最多/少的省区 Provinces with most/least highway per capita

Click here to take the quiz!

General Stats

  • This quiz has been taken 46 times
  • The average score is 12 of 14

Answer Stats

2022人均高速公路里程 公里/人% Correct
最少0.88广东
97%
最少0.55北京
95%
最多2.94新疆
95%
最少0.36上海
92%
最少0.60江苏
92%
最少0.81浙江
86%
最少0.81河南
86%
最多3.21内蒙古
86%
最多2.17云南
84%
最少0.79山东
78%
最多2.33甘肃
78%
最多2.88宁夏
76%
最多6.39青海
73%
最多2.15贵州
68%

Score Distribution

Percentile by Number Answered

Percent of People with Each Score

Your Score History

You have not taken this quiz